Sentino - Zabójstwo Liryczne 0 - Statystyki

Ogólne statystyki
  • Ten quiz został rozwiązany 3 razy
  • Średni wynik to 10 z 14
Statystyki odpowiedzi
ZABÓJSTWO LIRYCZNE 0 % Poprawnych
Dziki Wschód
100%
El Dorado
100%
Jack Daniels
100%
Jeszcze raz
100%
Oni albo ja 2
100%
Polska Miłość
100%
Barsy
50%
Gdzieś Indziej
50%
Karl Lagerfeld 2
50%
La Familia
50%
Las Vegas, Las Palmas, Las Kabacki
50%
Nic Nie Mów 2
50%
Tabu
50%
Zero Emocji
50%
Nie znaleziono quizów pasujących do podanych kryteriów
Rozkład punktacji
Procent ludzi z każdym wynikiem
Percentyl według liczby udzielonych odpowiedzi
Twoja historia wyników
Nie rozwiązałeś tego quizu